00262nam a22000977a 4500008004100000082001500041100000800056245007000064260002200134300000800156230621b xxu||||| |||| 00| 0 eng d a328.3bCPA cCPA aThirty-sixth CommonwealthbParliamentary Conference Zimbabwe 1990 aLondonbCPAc1990 a31p